[Event "POL-ch"]
[Site "Poznan"]
[Date "1984.??.??"]
[Round "9"]
[White "Pokojowczyk, Jerzy"]
[Black "Szymczak, Zbigniew"]
[Result "1/2-1/2"]
[WhiteElo "2370"]
[BlackElo "2355"]

1.e4 e6 2.d4 d5 3.Nd2 a6 4.Ngf3 c5 5.exd5 exd5 6.Be2 Nf6 7.O-O Be7 8.dxc5 Bxc5
9.Nb3 Ba7 10.Bg5 O-O 11.Nfd4 Qd6 12.g3 Ne4 13.Bf4 Qf6 14.c3 Bh3 15.Re1 Nc6
16.Bf3 Rfe8 17.Bg2 Bxg2 18.Kxg2 Rad8 19.f3 Nd6 20.Nxc6 bxc6 21.Bxd6 Qxd6
22.Qd2 g6 23.Rxe8+ Rxe8 24.Re1  1/2-1/2

[Event "Poznan"]
[Site "Poznan"]
[Date "1984.??.??"]
[Round "10"]
[White "Bernard, Ryszard"]
[Black "Paehtz, Thomas Sr"]
[Result "1/2-1/2"]
[WhiteElo "2415"]
[BlackElo "2390"]

1.e4 e6 2.d4 d5 3.Nd2 Nc6 4.Ngf3 Nh6 5.Bb5 Bd7 6.O-O Be7 7.Re1 O-O 8.c3 a6
9.Bd3 f5 10.exd5 exd5 11.Ne5 Nxe5 12.dxe5 Be6 13.Nf3 c5 14.Bxh6 gxh6 15.Qd2 f4
16.b4 b6 17.Rab1 Ra7 18.bxc5 bxc5 19.Rb2 Qc7 20.Reb1 Bd8 21.Rb8 Kh8 22.Be2 Qg7
23.Ne1 Qxe5 24.Nd3 Qd6 25.Nxf4 Bg8 26.g3 Rg7 27.R1b7 Rxb7 28.Rxb7 Bg5 29.Qe3 Bxf4
30.gxf4 Rxf4 31.Qg3 Qg6 32.Qxg6 hxg6 33.Rb6 a5 34.Rxg6 Ra4 35.Rxh6+ Kg7 36.Rc6 Rxa2
37.Bf3 c4 38.Rc5 Rd2 39.Rxa5 Rd3 40.Kg2 Rxc3 41.Bxd5 Bxd5+ 42.Rxd5 Kg6 43.f3 Rc1  1/2-1/2

[Event "Reykjavik op"]
[Site "Reykjavik"]
[Date "1984.??.??"]
[Round "10"]
[White "Nykopp, Jan Michael F"]
[Black "Hoi, Carsten"]
[Result "1/2-1/2"]
[WhiteElo "2300"]
[BlackElo "2400"]

1.e4 e6 2.d4 d5 3.Nd2 Be7 4.e5 c5 5.Qg4 g6 6.dxc5 Nd7 7.Ngf3 Nxc5 8.h4 h5
9.Qf4 Nh6 10.Nb3 Bd7 11.Nxc5 Bxc5 12.Be3 Bxe3 13.Qxe3 Ng4 14.Qd4 Qb6 15.Qxb6 axb6
16.Bd3 Ke7 17.O-O Ra5 18.Rfe1 Rha8 19.a3 d4 20.Rad1 Bc6 21.Be4 Nxe5 22.Bxc6 Nxc6
23.Nxd4 Nxd4 24.Rxd4 Rb5 25.Red1 Rxb2 26.Rd7+ Kf8 27.R1d3 Ra5 28.Rf3 Rf5
29.Rxf5 gxf5 30.Rxb7 Rxc2 31.Rxb6 Kg7 32.Rb1 Ra2 33.Rb3 f4 34.g3 fxg3 35.Rxg3+ Kh6
36.Kg2 Rc2 37.Rf3 Kg6 38.Rg3+ Kf6 39.Rg5 Ra2 40.Ra5 e5 41.Kg3 Kf5 42.Ra7 f6
43.Ra6 Rb2 44.a4 Rb3+ 45.Kg2 Ra3 46.a5 e4 47.Ra8 Kf4 48.a6 f5 49.a7 Ra2 50.Kg1 Kf3
51.Rf8 Rxa7 52.Rxf5+ Kg4 53.Re5 Ra4 54.Kg2 Kxh4 55.Kh2 Kg4 56.Kg2 h4 57.Rxe4+ Rxe4
58.f3+ Kf4 59.fxe4 Kxe4 60.Kh3  1/2-1/2

[Event "Rostock"]
[Site "Rostock"]
[Date "1984.??.??"]
[Round "?"]
[White "Tischbierek, Raj"]
[Black "Paehtz, Thomas Sr"]
[Result "1/2-1/2"]
[WhiteElo "2460"]
[BlackElo "2390"]

1.e4 e6 2.d4 d5 3.Nd2 Nc6 4.Ngf3 Nh6 5.c3 f5 6.exd5 exd5 7.Bb5 Bd6 8.O-O O-O
9.c4 dxc4 10.Nxc4 Nf7 11.Nxd6 Qxd6 12.Bc4 Na5 13.Bxf7+ Rxf7 14.Bd2 Nc4 15.Ng5 Rf6
16.Qb3 b5 17.Rfe1 Bd7 18.Bb4 Qf4 19.Qf3 Qxf3 20.Nxf3 Bc6 21.Ne5 Nxe5 22.Rxe5 Re8
23.Rc1 Rxe5 24.dxe5 Rg6 25.g3 Bd5 26.Rxc7 Rc6 27.Rxc6 Bxc6 28.e6 Bd5 29.e7 Kf7
30.a3 Bc4 31.f3 a5 32.Bc5 Bd5 33.Kf2 Bc6 34.Ke3 g6 35.Kf4 Kf6 36.h4 a4 37.Bb4 Kf7
38.Ke5 Bxf3 39.Kd6 Ke8 40.Kc5 Be2  1/2-1/2

[Event "Kamen Piskov mem 4"]
[Site "Ruse"]
[Date "1984.??.??"]
[Round "4"]
[White "Ilievski, Dimitar"]
[Black "Atanasov, Petko"]
[Result "1/2-1/2"]
[WhiteElo "2365"]
[BlackElo "2420"]

1.e4 e6 2.d4 d5 3.Nd2 Nc6 4.Ngf3 Nf6 5.e5 Nd7 6.Nb3 a5 7.a4 Be7 8.c3 b6 9.Bd3 Ncb8
10.Bf4 c5 11.Bb5 Ba6 12.h4 Bxb5 13.axb5 c4 14.Nbd2 Nf8 15.b3 cxb3 16.Qxb3 Ng6
17.Bg3 h5 18.c4 dxc4 19.Nxc4 Qd5 20.O-O O-O 21.Qa4 Nd7 22.Rfd1 Rfd8 23.Ne3 Qe4
24.Nd2  1/2-1/2

[Event "Sarajevo"]
[Site "Sarajevo"]
[Date "1984.??.??"]
[Round "?"]
[White "Djuric, Stefan"]
[Black "Drasko, Milan"]
[Result "1/2-1/2"]
[WhiteElo "2500"]
[BlackElo "2440"]

1.e4 e6 2.d4 d5 3.Nd2 Nc6 4.Ngf3 Nf6 5.e5 Nd7 6.Bb5 a5 7.O-O Na7 8.Bd3 c5
9.c4 cxd4 10.cxd5 Nc5 11.Nc4 exd5 12.Bg5 Qc7 13.Na3 Ne6 14.Nb5 Nxb5 15.Bxb5+ Bd7
16.Rc1 Bc5 17.Nxd4 Bxb5 18.Nxb5 Qxe5 19.Re1 Qxg5 20.Nc7+ Kd7 21.Nxe6 Bxf2+
22.Kxf2 fxe6 23.Qa4+ Kd6 24.Qa3+ Kd7 25.Qa4+ Kd6 26.Qb3 Rhc8 27.Qb6+ Rc6
28.Rxc6+ bxc6 29.Rxe6+ Kxe6 30.Qxc6+ Ke5 31.Qxa8 Qf4+ 32.Ke2 Qe4+ 33.Kf2 Qf4+
34.Ke2 Qe4+ 35.Kf2 Qh4+ 36.Kf3 Qf4+ 37.Ke2 Qe4+ 38.Kf2  1/2-1/2

[Event "Sarajevo"]
[Site "Sarajevo"]
[Date "1984.??.??"]
[Round "?"]
[White "Lobron, Eric"]
[Black "Drasko, Milan"]
[Result "0-1"]
[WhiteElo "2520"]
[BlackElo "2440"]

1.e4 e6 2.d4 d5 3.Nd2 Nc6 4.Ngf3 Nf6 5.e5 Nd7 6.Be2 Be7 7.Nf1 O-O 8.Ne3 f6
9.exf6 Nxf6 10.O-O Bd6 11.c4 b6 12.b3 Ne7 13.Bb2 Bb7 14.Rc1 Ne4 15.Rc2 Ng6
16.g3 Qe7 17.cxd5 exd5 18.Ne5 Bxe5 19.dxe5 Rad8 20.f3 d4 21.fxe4 dxe3 22.Qc1 Rxf1+
23.Bxf1 Nxe5 24.Be2 Nd3 25.Bxd3 Rxd3 26.Rxc7 Qxe4 27.Rxg7+ Kf8 28.Qf1+ Qf3
29.Rxb7 Rd1 30.Rf7+ Qxf7  0-1

[Event "Sarajevo"]
[Site "Sarajevo"]
[Date "1984.??.??"]
[Round "?"]
[White "Timman, Jan H"]
[Black "Drasko, Milan"]
[Result "1-0"]
[WhiteElo "2610"]
[BlackElo "2440"]

1.e4 e6 2.d4 d5 3.Nd2 Nc6 4.Ngf3 Nf6 5.e5 Nd7 6.Nb3 a5 7.Bf4 Be7 8.c3 b6
9.h4 Ba6 10.Bxa6 Rxa6 11.Rh3 h6 12.Rg3 Bf8 13.h5 Ne7 14.Qe2 Qc8 15.a4 Ra7
16.Nh4 Qa6 17.Qg4 b5 18.Nd2 bxa4 19.Rxa4 c5 20.Rf3 Qb5 21.Ra2 cxd4 22.cxd4 Rc7
23.Rc3 Rxc3 24.bxc3 Nb6 25.Ra1 a4 26.Rb1 Qa5 27.Ng6 Nxg6 28.hxg6 a3 29.gxf7+ Kxf7
30.Qf3 a2 31.Ra1 Be7 32.Nb3 Qb5 33.Nc1 Rc8 34.Rxa2 Ke8 35.Ra7 g5 36.Bd2 Nd7
37.Qh5+ Kd8 38.Qxh6 Qb6 39.Ra1 Qb2 40.Ra2 Qb1 41.Qxe6 Rxc3 42.Bxc3  1-0

[Event "Tatran Cup"]
[Site "Stary Smokovec"]
[Date "1984.??.??"]
[Round "10"]
[White "Plachetka, Jan"]
[Black "Drasko, Milan"]
[Result "1/2-1/2"]
[WhiteElo "2410"]
[BlackElo "2480"]

1.e4 e6 2.d4 d5 3.Nd2 Nc6 4.Ngf3 Nf6 5.e5 Nd7 6.Bb5 a5 7.O-O Be7 8.Re1 O-O
9.Nf1 Na7 10.Bd3 c5 11.c3 Nc6 12.Bf4 cxd4 13.cxd4 f5 14.exf6 Nxf6 15.a3 Nh5  1/2-1/2

[Event "Tatran Cup"]
[Site "Stary Smokovec"]
[Date "1984.??.??"]
[Round "13"]
[White "Franzen, Josef"]
[Black "Drasko, Milan"]
[Result "1/2-1/2"]
[WhiteElo "2355"]
[BlackElo "2480"]

1.e4 e6 2.d4 d5 3.Nd2 Nc6 4.Ngf3 Nf6 5.e5 Nd7 6.Nb3 a5 7.a4 Be7 8.h4 h6 9.c3 b6
10.Be3 Ba6 11.Bxa6 Rxa6  1/2-1/2

[Event "CSR-ch"]
[Site "Sumperk"]
[Date "1984.??.??"]
[Round "7"]
[White "Prandstetter, Eduard"]
[Black "Priehoda, Vitezslav"]
[Result "1-0"]
[WhiteElo "2435"]
[BlackElo "2275"]

1.e4 e6 2.d4 d5 3.Nd2 Nc6 4.Ngf3 Nf6 5.e5 Nd7 6.Be2 f6 7.exf6 Nxf6 8.Nf1 Bd6
9.Ne3 O-O 10.O-O Kh8 11.c4 Bd7 12.a3 Qe8 13.g3 Rd8 14.c5 Be7 15.b4 a6 16.Bb2 Ne4
17.Ne1 g6 18.f3 Ng5 19.Nd3 Bf6 20.f4 Ne4 21.Nf2 Nxf2 22.Rxf2 Bg7 23.Qd2 Ne7
24.Re1 Qf7 25.Bd1 Rde8 26.Ng4 Nc6 27.Ref1 Re7 28.Bc2 Qe8 29.h4 Ref7 30.Re1 Kg8
31.Rh2 h5 32.Ne5 Nxe5 33.dxe5 Rf5 34.Qd4 Kh7 35.Bc1 Ba4 36.Bb1 Rg8 37.Rg2 Bf8
38.Ree2 Be7 39.g4 hxg4 40.Rxg4 Rh5 41.Reg2 Rh6 42.f5  1-0

[Event "CSR-ch"]
[Site "Sumperk"]
[Date "1984.??.??"]
[Round "14"]
[White "Franzen, Josef"]
[Black "Pastircak, Milan"]
[Result "1/2-1/2"]
[WhiteElo "2370"]
[BlackElo "2230"]

1.e4 e6 2.d4 d5 3.Nd2 a6 4.Ngf3 c5 5.exd5 exd5 6.Be2 c4 7.b3 cxb3 8.axb3 Nc6
9.O-O Bd6 10.Re1 Nge7 11.Nf1  1/2-1/2

[Event "URS-FL"]
[Site "Sverdlovsk"]
[Date "1984.??.??"]
[Round "?"]
[White "Kupreichik, Viktor D"]
[Black "Gurevich, Mikhail"]
[Result "1/2-1/2"]
[WhiteElo "2480"]
[BlackElo "2420"]

1.e4 e6 2.d4 d5 3.Nd2 a6 4.Ngf3 c5 5.exd5 exd5 6.Be2 c4 7.O-O Bd6 8.b3 cxb3
9.Nxb3 Ne7 10.c4 O-O 11.cxd5 Nxd5 12.Bc4 Nf6 13.Bg5 b5 14.Bd3 h6 15.Bh4 Nbd7
16.Re1 Qb6 17.Ne5 Re8 18.Nxd7 Bxd7 19.Bxf6 gxf6 20.Qh5 Kg7 21.Be4 Rad8 22.Bd5 Be6
23.Bxe6 Rxe6 24.Rxe6 fxe6 25.Re1 Be7 26.Qg4+ Kf7 27.Qh5+ Kg7 28.Re4 Rd5 29.Rg4+ Rg5
30.h4 Rxg4 31.Qxg4+ Kf7 32.h5 Bf8 33.Qg6+ Ke7 34.Nc5 Qc6 35.Nd3 Qd5 36.Qh7+ Ke8
37.Qg8 Qxd4 38.Qxe6+ Be7 39.Qc8+ Kf7 40.Qf5 Bd6 41.g3 b4 42.Kg2 a5 43.Qd7+ Kf8
44.Qd8+ Kf7  1/2-1/2

[Event "URS-FL"]
[Site "Sverdlovsk"]
[Date "1984.??.??"]
[Round "?"]
[White "Rozentalis, Eduardas"]
[Black "Dolmatov, Sergey"]
[Result "1-0"]
[WhiteElo "2490"]
[BlackElo "2540"]

1.e4 e6 2.d4 d5 3.Nd2 a6 4.Ngf3 c5 5.exd5 exd5 6.dxc5 Bxc5 7.Nb3 Be7 8.Bd3 Bg4
9.h3 Bh5 10.Nbd4 Nf6 11.Nf5 O-O 12.O-O Bc5 13.Bg5 Nbd7 14.g4 Bg6 15.Qd2 Re8
16.Rad1 Qb6 17.c3 h5 18.b4 Bf8 19.Ne3 hxg4 20.Bxg6 gxf3 21.Bf5 Re5 22.Qd4 Ne4
23.h4 Nxg5 24.hxg5 Rae8 25.Qh4 Rxf5 26.Nxf5 Re4 27.Qh3 Qe6 28.Rd4 Ne5 29.Rfd1 Qg6
30.Ng3 Qxg5 31.Rxd5 Re2 32.a4 g6 33.Rd8 Nc6 34.R8d7 a5 35.Rxb7 axb4 36.cxb4 Bxb4
37.Qc8+ Kg7 38.Qxc6 Bc5 39.Qxf3 Rxf2 40.Rxf7+ Kh6 41.Qh1+  1-0

[Event "Thessaloniki ol (Women)"]
[Site "Thessaloniki"]
[Date "1984.??.??"]
[Round "3"]
[White "Polihroniade, Elisabeta"]
[Black "De Greef, Heleen"]
[Result "1-0"]
[WhiteElo "2165"]
[BlackElo "1945"]

1.e4 e6 2.d4 d5 3.Nd2 a6 4.Ngf3 c5 5.exd5 exd5 6.Be2 cxd4 7.O-O Bd6 8.Nb3 Nc6
9.Nfxd4 Nge7 10.Bg5 Qc7 11.h3 O-O 12.Bf3 h6 13.Nxc6 bxc6 14.Be3 Nf5 15.Bc5 Rb8
16.Bxd6 Nxd6 17.Qd4 a5 18.Qc3 Nc4 19.Be2 Nxb2 20.Qxb2 a4 21.Rac1 Re8 22.Bd3 axb3
23.cxb3 Bd7 24.Qd4 Qd6 25.Rc5 Re5 26.f4 Re7 27.b4 Rbe8 28.a4 Re3 29.a5 g5
30.a6 gxf4 31.a7 Ra8 32.Ra5 Rg3 33.Kf2 f3 34.Qh4 Rxg2+ 35.Kxf3 Rg5 36.Qf4 Qxf4+
37.Kxf4 Kg7 38.Ra6 Kh8 39.Rb6 Rgg8 40.Rb7 Rgd8 41.h4 Be6 42.Rc7 Rdc8 43.Rxc8+ Bxc8
44.Ke5 Bb7 45.Kf6 Kg8 46.Ke7 Kh8 47.Kxf7 Rc8 48.Re1  1-0

[Event "Thessaloniki ol (Women)"]
[Site "Thessaloniki"]
[Date "1984.??.??"]
[Round "6"]
[White "De Armas, Asela"]
[Black "De Greef, Heleen"]
[Result "0-1"]
[WhiteElo "2100"]
[BlackElo "1945"]

1.e4 e6 2.d4 d5 3.Nd2 a6 4.e5 c5 5.c3 Nc6 6.Ngf3 f6 7.exf6 Nxf6 8.Bd3 cxd4
9.cxd4 Bd6 10.O-O O-O 11.Re1 Bd7 12.b3 Rc8 13.Bb2 Nb4 14.Bb1 Qc7 15.Ba3 Kh8
16.Bxb4 Bxb4 17.Bd3 Bc3 18.Rc1 Qf4 19.Re2 Ng4 20.g3 Qh6 21.h4 Qf6 22.Kg2 Bxd2
23.Nxd2 Rxc1 24.Qxc1 Qxd4 25.Qa3 Rxf2+ 26.Kh3 e5  0-1

[Event "Thessaloniki ol (Women)"]
[Site "Thessaloniki"]
[Date "1984.??.??"]
[Round "9"]
[White "Brustman, Agnieszka"]
[Black "Vokralova, Stepanka"]
[Result "0-1"]
[WhiteElo "2315"]
[BlackElo "2230"]

1.e4 e6 2.d4 d5 3.Nd2 a6 4.Ngf3 c5 5.dxc5 Bxc5 6.Bd3 Ne7 7.O-O Nbc6 8.Qe2 O-O
9.Nb3 Ba7 10.c3 Qc7 11.e5 f6 12.Bf4 Ng6 13.Bxg6 hxg6 14.Bg3 Qf7 15.Rad1 Bd7
16.Rd2 Rad8 17.Re1 Rfe8 18.Qd1 g5 19.exf6 gxf6 20.Bc7 Rc8 21.Bd6 Ne7 22.Na5 b6
23.Nb3 Nf5 24.Bg3 Nxg3 25.hxg3 Kg7 26.g4 e5 27.Nh2 Be6 28.Nf1 b5 29.Ng3 Rc4
30.Nf5+ Bxf5 31.gxf5 Rf4 32.Rf1 Rd8 33.g3 Rxf5 34.Na5 Rd6 35.Nb3 Bb6 36.Nc1 e4
37.Re2 Re5 38.Nb3 f5 39.Nd4 f4 40.Rc2 Rg6 41.Qg4 Re8 42.Nf5+ Kg8 43.Qh3 fxg3
44.Nxg3 Rf8 45.Qh5 Qe6 46.Kg2 Rh6 47.Qxg5+ Kh7 48.Rh1 Rxh1 49.Kxh1 Qh3+ 50.Kg1 Rg8
51.Qe7+ Rg7  0-1

[Event "Thessaloniki ol (Women)"]
[Site "Thessaloniki"]
[Date "1984.??.??"]
[Round "13"]
[White "Brustman, Agnieszka"]
[Black "Levitina, Irina S"]
[Result "1/2-1/2"]
[WhiteElo "2315"]
[BlackElo "2295"]

1.e4 e6 2.d4 d5 3.Nd2 a6 4.Ngf3 c5 5.exd5 exd5 6.Be2 cxd4 7.Nxd4 Bd6 8.N2f3 Ne7
9.O-O O-O 10.Bg5 Qc7 11.Bxe7 Bxe7 12.Bd3 Bf6 13.c3 g6 14.Qd2 Nd7 15.Nc2 Rd8
16.Rad1 Nb6 17.Ne3 Qc5 18.Nc2 Kg7 19.Ncd4 Qc7 20.Rfe1 Bd7 21.Qc1 Re8 22.Bf1 Rxe1
23.Nxe1 Re8 24.Nec2  1/2-1/2

[Event "Tirnavia"]
[Site "Trnava"]
[Date "1984.??.??"]
[Round "10"]
[White "Sznapik, Aleksander"]
[Black "Cabrilo, Goran"]
[Result "0-1"]
[WhiteElo "2460"]
[BlackElo "2430"]

1.e4 e6 2.d4 d5 3.Nd2 a6 4.Ngf3 c5 5.exd5 exd5 6.Be2 Nf6 7.O-O Be7 8.dxc5 Bxc5
9.Nb3 Bd6 10.Bg5 O-O 11.c3 Re8 12.Nbd4 Nc6 13.Be3 Bg4 14.h3 Bh5 15.Nf5 Bg6
16.Qb3 Bc7 17.N3h4 Qd7 18.Qc2 Re4 19.Nxg6 Qxf5 20.Nh4 Qe6 21.Nf3 Rxe3 22.fxe3 Qxe3+
23.Kh1 Ne4 24.g4 Ng3+ 25.Kg2 Qxe2+ 26.Rf2 Qxc2 27.Rxc2 Re8 28.Nd4 Nxd4 29.cxd4 Re2+
30.Rxe2 Nxe2 31.Re1 Nf4+ 32.Kf3 Ne6 33.Ke3 Kf8  0-1

[Event "Troon"]
[Site "Troon"]
[Date "1984.??.??"]
[Round "6"]
[White "Pritchett, Craig William"]
[Black "Raicevic, Vladimir"]
[Result "1/2-1/2"]
[WhiteElo "2395"]
[BlackElo "2395"]

1.e4 e6 2.d4 d5 3.Nd2 a6 4.Ngf3 c5 5.exd5 exd5 6.Be2 Nc6 7.O-O cxd4 8.Nb3 Bd6
9.Nbxd4 Nge7 10.c3 O-O 11.Bg5 Re8 12.Bh4 Bg4 13.Bg3 Bc5 14.Re1 Nf5 15.Nxf5 Bxf5
16.Bd3 Be4 17.Qc2 Bxf3 18.Bxh7+ Kh8 19.gxf3 g6 20.Bxg6 fxg6 21.Qxg6 Bf8 22.Qh5+ Kg8
23.Rxe8 Qxe8 24.Qxd5+ Qf7 25.Rd1 Rd8 26.Qg5+ Qg7 27.Qxg7+ Bxg7 28.Rxd8+ Nxd8
29.Kf1 Kf7 30.Ke2 Ke6 31.Kd3 b5 32.b3 Nb7 33.Bf4 Nc5+ 34.Kc2 Kd5 35.Be3 Nd7
36.h4 Ne5 37.Bd4 Bh6 38.Bxe5 Kxe5 39.Kd3 Kd5 40.h5 a5 41.c4+ bxc4+ 42.bxc4+ Kc5
43.Kc3 a4 44.Kd3 Bg7 45.f4 Bh6 46.f5 Bg7 47.f6 Bxf6 48.h6 Ba1 49.h7 Bb2 50.Kc2 Ba1
51.Kd3 Bh8 52.f4 Kb4 53.Ke4 Kxc4 54.Kf5 Kd5 55.Kg6 Ke6 56.f5+ Ke7 57.Kg5 Be5
58.Kh5 Bg7 59.Kg5 Bh8 60.Kg6 Bf6 61.Kh5 Kd6 62.Kg6 Ke7 63.Kh5 Kf7 64.Kg4 Ke8
65.Kh5 Ke7 66.Kg6 a3 67.h8=Q Bxh8 68.f6+  1/2-1/2

[Event "Tunja"]
[Site "Tunja"]
[Date "1984.??.??"]
[Round "7"]
[White "Zapata, Alonso"]
[Black "Knaak, Rainer"]
[Result "1/2-1/2"]
[WhiteElo "2470"]
[BlackElo "2490"]

1.e4 e6 2.d4 d5 3.Nd2 Be7 4.Bd3 c5 5.dxc5 Nf6 6.Qe2 O-O 7.Ngf3 Nfd7 8.Nb3 a5
9.exd5 exd5 10.O-O a4 11.Nbd4 Nxc5 12.Re1 Bf6 13.Bf4 Nc6 14.Nxc6 bxc6 15.Ne5 Nxd3
16.cxd3 Qb6 17.Rac1 c5 18.Qc2 Ra5 19.Bd2 Rb5 20.Qxa4 Rxb2 21.Bc3 Rb5 22.Qc2 Be6
23.a4 Rb3 24.Ba5 Qb8 25.Nc6 Qb7 26.Qxc5 Rxd3 27.Rb1 Qa8 28.Qb5 Bf5 29.Bb4 Rc8
30.Rbc1 h5 31.a5 Kh7 32.a6 Bg5 33.Rc5 Bd2 34.Bxd2 Rxd2 35.Qb7 Re8 36.Rcc1 Rxe1+
37.Rxe1 Qe8 38.Ne7 Qa4 39.Nxf5 Rd1 40.Qe7 Qa1 41.Kf1 Qxa6+ 42.Qe2 Rxe1+ 43.Kxe1 Qa1+
44.Qd1 Qe5+ 45.Ne3 d4  1/2-1/2

[Event "Yerevan"]
[Site "Yerevan"]
[Date "1984.??.??"]
[Round "?"]
[White "Prandstetter, Eduard"]
[Black "Lukov, Valentin"]
[Result "1/2-1/2"]
[WhiteElo "2435"]
[BlackElo "2435"]

1.e4 e6 2.d4 d5 3.Nd2 a6 4.Bd3 c5 5.exd5 exd5 6.Ngf3 c4 7.Be2 Nf6 8.c3 Be7
9.O-O O-O 10.Ne5 Nc6 11.Nxc6 bxc6  1/2-1/2

[Event "Zuerich op"]
[Site "Zuerich"]
[Date "1984.??.??"]
[Round "5"]
[White "Kindermann, Stefan"]
[Black "Seirawan, Yasser"]
[Result "1-0"]
[WhiteElo "2490"]
[BlackElo "2565"]

1.e4 e6 2.d4 d5 3.Nd2 a6 4.Ngf3 c5 5.exd5 exd5 6.Be2 cxd4 7.O-O Bd6 8.Nb3 Ne7
9.Nbxd4 O-O 10.c3 Nbc6 11.Qc2 Qc7 12.h3 Ng6 13.Rd1 Nce7 14.Bf1 Bd7 15.g3 Qc8
16.h4 Bg4 17.Re1 f5 18.Ng5 f4 19.gxf4 h6 20.Rxe7 Bxe7 21.Qxg6 hxg5 22.Bd3 Bf6
23.Qh7+ Kf7 24.Qg6+ Ke7 25.hxg5 Bxd4 26.cxd4 Qe6 27.Qxg7+ Rf7 28.Qe5 Qxe5
29.dxe5 Ke6 30.Be3 Bf5 31.Rd1 Bxd3 32.Rxd3 Rc8 33.Kg2 Rd7 34.Kf3 Kf5 35.Bd4 Rc1
36.Bc3 Rh1 37.e6 Kxe6 38.Re3+ Kf7 39.Kg4 d4 40.Rd3 Rd5 41.Rxd4 Rxd4 42.Bxd4 Rd1
43.Bc3 Rg1+ 44.Kf5 b5 45.Ke4 Kg8 46.a3 Rg2 47.Bd4 Rg1 48.Be3 Rb1 49.f5 Rg1
50.Ke5 Kf7 51.g6+ Kg8 52.Ke6 Rg4 53.f4  1-0

[Event "Aarhus-C"]
[Site "Aarhus"]
[Date "1985.??.??"]
[Round "6"]
[White "Jensen, Vagn"]
[Black "Sorensen, Bent"]
[Result "1-0"]
[WhiteElo "2210"]
[BlackElo "2290"]

1.e4 e6 2.d4 d5 3.Nd2 a6 4.Ngf3 c5 5.dxc5 Bxc5 6.Bd3 Nc6 7.exd5 Qxd5 8.Ne4 Be7
9.Qe2 Nf6 10.O-O O-O 11.Rd1 Qa5 12.Bd2 Qc7 13.Nxf6+ Bxf6 14.Ng5 g6 15.h4 Qe7
16.Be3 Rd8 17.Ne4 Bd4 18.h5 Bxe3 19.Qxe3 f5 20.Ng5 h6 21.Nf3 Kg7 22.Bc4 Bd7
23.Ne5 Nxe5 24.Qxe5+ Kf7 25.hxg6+ Kxg6 26.Rd3 Rac8 27.Bb3 Re8 28.Rad1 Bb5
29.Rg3+ Kh7 30.Bxe6  1-0

[Event "AUT-ch"]
[Site "?"]
[Date "1985.??.??"]
[Round "13"]
[White "Herndl, Harald"]
[Black "Kwatschewsky, Leo"]
[Result "1-0"]
[WhiteElo "2325"]
[BlackElo "2325"]

1.e4 e6 2.d4 d5 3.Nd2 Nc6 4.Ngf3 Nf6 5.e5 Nd7 6.Nb3 a5 7.a4 b6 8.h4 Be7 9.h5 f6
10.h6 g6 11.exf6 Bxf6 12.Bb5 Bb7 13.Qe2 Qe7 14.Bf4 Rc8 15.O-O O-O 16.Qe3 Nd8
17.Bxd7 Qxd7 18.Be5 Nc6 19.Rfe1 Rce8 20.Qd2 Qe7 21.Bxf6 Rxf6 22.Re3 Qf8 23.Rae1 Qb4
24.Qxb4 Nxb4 25.Rc3 Re7 26.Ne5 Na2 27.Rf3 Rxf3 28.Nxf3 Nb4 29.Na1 Nc6 30.c3 Nd8
31.Ne5 Nf7 32.Ng4 Nd6 33.b3 Kf7 34.f3 g5 35.Ne5+ Kf6 36.Nc2 Nf7 37.Nxf7 Kxf7
38.Ne3 Bc6 39.Ng4 Be8 40.Kf2 c5 41.Re5 Kg6 42.Ne3 Kf6 43.Kg3 Bg6 44.Kg4 Rc7
45.Rxg5 cxd4 46.cxd4 Rc3 47.Kf4 Rxb3 48.Ng4+ Kf7 49.Ne5+ Kf6 50.Nxg6 hxg6
51.h7 Kg7 52.Rxg6+ Kxh7 53.Rxe6 b5 54.axb5 Rxb5 55.Ra6 Kg7 56.g4 Kf7 57.Ke5  1-0

[Event "ARG-ch"]
[Site "Buenos Aires"]
[Date "1985.??.??"]
[Round "6"]
[White "Bronstein, Luis"]
[Black "Debarnot, Roberto"]
[Result "1-0"]
[WhiteElo "2415"]
[BlackElo "2380"]

1.e4 e6 2.d4 d5 3.Nd2 Nc6 4.Ngf3 Nf6 5.e5 Nd7 6.Nb3 a5 7.c3 Be7 8.Bf4 Ncb8
9.a4 b6 10.h4 h6 11.h5 Ba6 12.Rh3 Nf8 13.Qc2 Bxf1 14.Kxf1 Nh7 15.Kg1 Nc6
16.Rg3 Ng5 17.Nbd2 Qd7 18.Bxg5 hxg5 19.Nxg5 Bxg5 20.Rxg5 O-O-O 21.Rxg7 Rxh5
22.Rh7 Rh8 23.Rxh8+ Rxh8 24.Nf3 f5 25.exf6 Qf7 26.Qe2 Qxf6 27.Re1 Rh6 28.g3 Kb7
29.Kg2 Qh8 30.Qd1 Qh7 31.Qb1 Qg7 32.Rh1 Rxh1 33.Qxh1 e5 34.dxe5 Nxe5 35.Qh5 Ng4
36.Qxd5+ c6 37.Qd4 Qg6 38.Qd7+ Kb8 39.Qd4 Kb7 40.b4 Qe6 41.Qg7+ Kb8 42.bxa5 bxa5
43.Qg5 Nf6 44.Qxa5 Nd5 45.c4 Nf4+ 46.gxf4 Qg4+ 47.Kf1 Qxf3 48.Qe5+ Ka8 49.Ke1 Qd3
50.Qa5+ Kb7 51.Qb4+ Kc8 52.c5 Qc2 53.a5 Qc1+ 54.Ke2 Qc2+ 55.Ke3 Qc1+ 56.Ke4 Qh1+
57.f3 Qd1 58.Qc4 Qb1+ 59.Ke5 Kb7 60.f5 Qe1+ 61.Kf6 Qxa5 62.Kg7 Qd2 63.f4 Qg2+
64.Kf7 Qh3 65.Qe4 Qh7+  1-0

[Event "Midwest Masters"]
[Site "Chicago"]
[Date "1985.??.??"]
[Round "1"]
[White "Sprenkle, David"]
[Black "Bachler, K."]
[Result "0-1"]
[WhiteElo "2325"]
[BlackElo "2200"]

1.e4 e6 2.d4 d5 3.Nd2 Nc6 4.Ngf3 b6 5.c4 Bb7 6.Qa4 Qd7 7.cxd5 exd5 8.exd5 Qxd5
9.Bc4 Qd7 10.O-O O-O-O 11.Nb3 Kb8 12.Re1 Bd6 13.Bg5 Nf6 14.Bb5 a6 15.Bxa6 Nxd4
16.Qxd4 Bxa6 17.Bxf6 gxf6 18.Qxf6 Rhg8 19.g3 Bb7 20.Re3 Rg6 21.Qh4 Rdg8 22.Rae1 f5
23.Nbd4 f4 24.Re7 Bxe7 25.Rxe7 Qd6 26.Qxh7 fxg3 27.fxg3 Rxg3+ 28.Kf2 Rg2+
29.Ke3 Bxf3 30.Nxf3 Qc5+ 31.Nd4 Rd8 32.Qe4 Qc1+ 33.Kf3 Qf1+ 34.Ke3 Qf2+ 35.Kd3 Qc2+
36.Ke3 Qd2+ 37.Kf3 Rf8+ 38.Nf5 Rxf5+  0-1

[Event "Midwest Masters"]
[Site "Chicago"]
[Date "1985.??.??"]
[Round "3"]
[White "Tomas Batet, Joan"]
[Black "Penkalsky, D."]
[Result "1/2-1/2"]
[WhiteElo "2200"]
[BlackElo "2200"]

1.e4 e6 2.d4 d5 3.Nd2 Nc6 4.c3 Nge7 5.Ngf3 Ng6 6.Qe2 Be7 7.Nb3 dxe4 8.Qxe4 O-O
9.Bc4 Re8 10.Ne5 Ncxe5 11.dxe5 Bd7 12.Qe2 c5 13.O-O a6 14.a4 b5  1/2-1/2

[Event "Capablanca mem-B"]
[Site "Cienfuegos"]
[Date "1985.??.??"]
[Round "12"]
[White "Vogt, Lothar"]
[Black "Montiel, Pedro"]
[Result "1-0"]
[WhiteElo "2460"]
[BlackElo "2310"]

1.e4 e6 2.d4 d5 3.Nd2 a6 4.Ngf3 c5 5.exd5 exd5 6.b3 cxd4 7.Nxd4 Bc5 8.Bb2 Nf6
9.Be2 Qb6 10.N2f3 O-O 11.O-O Ne4 12.c4 dxc4 13.Bxc4 Bg4 14.Qc2 Nd6 15.Ng5 g6
16.Ndf3 Nxc4 17.Qxc4 Bxf3 18.gxf3 Nc6 19.Nxh7 Bd4 20.Nf6+ Bxf6 21.Bxf6 Na5
22.Qh4  1-0

[Event "Dortmund"]
[Site "Dortmund"]
[Date "1985.??.??"]
[Round "5"]
[White "Kindermann, Stefan"]
[Black "Rogers, Ian"]
[Result "1/2-1/2"]
[WhiteElo "2480"]
[BlackElo "2510"]

1.e4 e6 2.d4 d5 3.Nd2 Nc6 4.Ngf3 Nf6 5.e5 Nd7 6.Be2 Be7 7.Nf1 f6 8.exf6 Nxf6
9.Bg5 Qd6 10.c3 e5 11.dxe5 Nxe5 12.Ne3 Nxf3+ 13.Bxf3 c6 14.Bh4 O-O 15.Bg3 Qd8
16.O-O Be6 17.Re1 Qd7 18.Nc4 Rae8 19.Ne5 Qc8 20.Qa4 a6 21.Rad1 Bf5 22.Qb3 Kh8
23.Re2 b5  1/2-1/2

[Event "FIN-ch"]
[Site "Espoo"]
[Date "1985.??.??"]
[Round "?"]
[White "Paavilainen, Jorma"]
[Black "Pirttimaki, Timo"]
[Result "1-0"]
[WhiteElo "2315"]
[BlackElo "2340"]

1.e4 e6 2.d4 d5 3.Nd2 Be7 4.Ngf3 Nf6 5.Bd3 c5 6.e5 Nfd7 7.c3 Nc6 8.O-O c4
9.Bc2 b5 10.Ne1 Nb6 11.f4 g6 12.g4 h5 13.h3 hxg4 14.hxg4 Kd7 15.Ndf3 Kc7
16.Ng2 Bd7 17.Kf2 Qg8 18.Rh1 Rf8 19.Bd2 Qg7 20.Qe2 Rxh1 21.Rxh1 Rh8 22.Qf1 a5
23.Ne3 Rxh1 24.Qxh1 Qg8 25.f5 gxf5 26.gxf5 f6 27.fxe6 Bxe6 28.Nf5 Nd7 29.Nxe7 Nxe7
30.exf6 Nxf6 31.Qh2+ Kc6 32.Ne5+ Kb7 33.Qh4 Qf8 34.Ke1 Nf5 35.Qf4 Nh5 36.Qf3 Nhg7
37.a4 Qh8 38.axb5 Qh2 39.Qf2 Qh1+ 40.Qf1 Qh4+ 41.Kd1 Ne8 42.Kc1 Ned6 43.Qg2 Ng3
44.Be1 Qf4+ 45.Kb1 Ngf5 46.Bd2 Qg3 47.Qh1 Qg7 48.Bf4 Kb6 49.Ka2 Kxb5 50.b3 cxb3+
51.Kxb3 Qb7 52.Bd3+ Kb6 53.Kc2 Ne4 54.Qb1+ Ka7 55.Qa2 Nxd4+ 56.cxd4 Qc7+
57.Nc4 dxc4 58.Bxe4  1-0

[Event "Bundesliga 8485"]
[Site "Germany"]
[Date "1985.??.??"]
[Round "?"]
[White "Schruefer, Guenther"]
[Black "Hecht, Hans Joachim"]
[Result "0-1"]
[WhiteElo "2205"]
[BlackElo "2445"]

1.e4 e6 2.d4 d5 3.Nd2 Nc6 4.Ngf3 g6 5.c3 Bg7 6.Bd3 Nge7 7.O-O O-O 8.Qc2 e5
9.dxe5 Nxe5 10.Nxe5 Bxe5 11.Nf3 Bg7 12.Bf4 Bg4 13.Ne5 Be6 14.Rfe1 c6 15.h3 Re8
16.Nf3 dxe4 17.Bxe4 Nd5 18.Bg3 Nf6 19.Bd3 Bd5 20.Nd2 Qd7 21.c4 Rxe1+ 22.Rxe1 Be6
23.Nf3 Rd8 24.Be2 c5 25.Be5 b6 26.b3 Ne8 27.Rd1 Qe7 28.Rxd8 Qxd8 29.Qd3 Qxd3
30.Bxd3 Bxe5 31.Nxe5 Nd6 32.Kf1 f6 33.Nf3 Kf7 34.Ke2 h6 35.Nd2 g5 36.Ne4 Nxe4
37.Bxe4 f5 38.Bd3 Kf6 39.f3 Ke5 40.Ke3 h5 41.Be2 h4 42.Bd3 Bd7 43.Be2 Bc6
44.Bf1 Be8 45.Bd3 Bg6 46.Ke2 Kf4 47.Kf2 Be8 48.Be2 a6 49.a4 Bd7 50.Bd3 Bc6
51.Be2 Bd7 52.Bd1 Bc6 53.Be2 Bb7 54.Bd1 g4 55.fxg4 fxg4 56.Bxg4 Be4 57.Bc8 a5
58.Bd7 Bc2 59.Be8 Bxb3 60.Bb5 Ba2 61.Ba6 Bb1 62.Bc8 Bd3 63.Be6 Ke5  0-1

[Event "Bundesliga 8485"]
[Site "Germany"]
[Date "1985.??.??"]
[Round "?"]
[White "Sehner, Norbert"]
[Black "Wolf, Volker"]
[Result "1-0"]
[WhiteElo "2285"]
[BlackElo "2315"]

1.e4 e6 2.d4 d5 3.Nd2 Nc6 4.Ngf3 Nf6 5.e5 Nd7 6.Nb3 a5 7.a4 b6 8.h4 Ncb8
9.Bg5 Be7 10.Rh3 Ba6 11.Rg3 Bxf1 12.Kxf1 Nc6 13.h5 Bxg5 14.Nxg5 Qe7 15.Qf3 h6
16.Nh3 Rg8 17.c4 Nb4 18.cxd5 Nxd5 19.Nf4 c6 20.Rc1 Nb8 21.Nd2 Qh4 22.Nxd5 exd5
23.e6 Ra7 24.Re1 f6 25.Qf5 g5 26.hxg6 Qxd4 27.e7 Nd7 28.Qe6 Rg7 29.Qf7+  1-0